000 00344nam a2200133Ia 4500
008 190216s9999||||xx |||||||||||||| ||und||
100 _aAbdul Assis Koroth
245 0 _aBusiness Organisation And Management
250 _a1st Ed.
260 _bCalicut University Central Co-Operative
_c2004
300 _a367
650 _aCommerce
942 _cBK
999 _c8184
_d8184